000 01217nam2a2200205 4500
001 RU\NLR\BIBL_A\012518574
005 20250624055005.0
035 _a(NLR Aleph) 012518574
090 _a12313242
_c12313242
100 _a20210517d2019 |||y0rusy50 ca
101 0 _arus
102 _aRU
200 0 _aТ. 2, № 2
210 _d2019
_aБ. м.
461 0 _1001RU\NLR\BIBL_A\012477432
_12001#$aБиблия и христианская древность$dBible and christian antiquity$eнаучный журнал по библеистике и истории христианской мысли$eнаучный журнал Московской духовной академии$zeng$vТ. 2, № 2
_912111834
_cСергиев Посад
_d2019 -
_lBible and christian antiquity
_nИзд-во Московской духовной академии
_oнаучный журнал по библеистике и истории христианской мысли : научный журнал Московской духовной академии
_tБиблия и христианская древность
_x2658-7815
_vТ. 2, № 2
852 _aNLR
_jП37/359
942 _cISSUE
980 _aNB
980 _aRUSPER